LEADER 00765nam0-2200301 --450 001 9910545801103321 005 20220307114916.0 010 $a978-88-8402-985-0 020 $aIT$b2015-5206 100 $a20220307d2015----kmuy0itay5050 ba 101 0 $aita 102 $aIT 105 $ayyyymmmm001cy 200 1 $aDe Sanctis$fPaolo Orvieto 210 $aRoma$cSalerno$d2015 215 $a263 p.$d21 cm. 225 1 $aSestante$v31 610 0 $aDe Sanctis, Francesco 676 $a850.9$v23 676 $a801.95$v23 700 1$aOrvieto,$bPaolo$0156683 801 0$aIT$bUNINA$gREICAT$2UNIMARC 901 $aBK 912 $a9910545801103321 952 $a801.95 DESA/S 16$b2021/1672$fFLFBC 959 $aFLFBC 996 $aDe Sanctis$91489632 997 $aUNINA LEADER 01246nam 2200373I 450 001 9910708127303321 005 20130130070748.0 035 $a(CKB)4970000000046638 035 $a(OCoLC)825962075 035 $a(EXLCZ)994970000000046638 100 $a20130130d2012 ua 0 101 0 $aeng 135 $aurmn||||||||| 181 $2rdacontent 182 $2rdamedia 183 $2rdacarrier 200 10$aPrepositioned materiel and equipment $eDOD would benefit from developing strategic guidance and improving joint oversight /$fCary Russell 210 1$aWashington, DC :$cUnited States Government Accountability Office,$d2012. 215 $a1 online resource (22 pages) 300 $aTitle from title screen (viewed Jan. 17, 2013). 300 $a"September 20, 2012." 300 $a"GAO-12-916R." 320 $aIncludes bibliographical references. 517 $aPrepositioned Materiel And Equipment 606 $aLogistics 615 0$aLogistics. 700 $aRussell$b Cary$01406893 712 02$aUnited States.$bGovernment Accountability Office, 801 0$bGPO 801 1$bGPO 906 $aDOCUMENT 912 $a9910708127303321 996 $aPrepositioned materiel and equipment$93533757 997 $aUNINA